000 00584nam a2200217Ia 4500
003 OSt
005 20220924134318.0
006 a|||||r|||| 00| 0
007 ta
008 220923b |||||||| |||| 00| 0 ben d
024 _a273452
037 _cTextual
040 _aARTS
_cARTS
_bben
041 _2ben
_aben
082 _aM2v262:N, 157H7.1-.2
100 _aBandhopadhyay Brijendra Nath
_9208348
245 0 _aBangal samayik patra
260 _c1947
942 _hM2v262:N, 157H7.1-.2
_cTEXL
_2CC
999 _c437023
_d437023